[Event "Xtracon Chess Open 2016"]
[Site "Elsinore"]
[Date "2016.07.27"]
[Round "6.18"]
[White "Leenhouts, Koen"]
[Black "Tryggestad, Andreas Garberg"]
[Result "1-0"]
[WhiteElo "2491"]
[BlackElo "2216"]
[PlyCount "67"]
[EventDate "2016.07.23"]

1. c4 Nf6 2. Nc3 d5 3. cxd5 Nxd5 4. g3 Nxc3 5. bxc3 g6 6. Bg2 Bg7 7. Rb1 Nc6 8.
d4 O-O 9. e3 e5 10. Ne2 Ne7 11. Ba3 Re8 12. O-O Rb8 13. dxe5 Qxd1 14. Rfxd1
Bxe5 15. Nd4 Bg4 16. f3 Nd5 17. Rd3 Be6 18. Nxe6 fxe6 19. f4 Bf6 20. c4 Nc3 21.
Bb2 Nxb1 22. Bxf6 Kf7 23. Bg5 b5 24. c5 Re7 25. c6 b4 26. Bxe7 Kxe7 27. Rd7+
Kf6 28. g4 Nc3 29. g5+ Kf5 30. Kf2 e5 31. Kf3 e4+ 32. Kg3 Ne2+ 33. Kf2 Nxf4 34.
Rf7+ 1-0

[Event "Xtracon Chess Open 2016"]
[Site "Elsinore"]
[Date "2016.07.27"]
[Round "6.19"]
[White "Taylor, Adam C"]
[Black "Zoler, Dan"]
[Result "1/2-1/2"]
[WhiteElo "2254"]
[BlackElo "2484"]
[PlyCount "118"]
[EventDate "2016.07.23"]

1. Nf3 Nf6 2. c4 e6 3. g3 d5 4. Bg2 Be7 5. d4 O-O 6. O-O c6 7. b3 b6 8. Bb2 a5
9. Nbd2 Nbd7 10. Ne5 Bb7 11. e4 dxc4 12. Nxd7 Nxd7 13. bxc4 c5 14. d5 Bf6 15.
Qc2 Bd4 16. Nf3 e5 17. Bh3 Re8 18. Rab1 Bc8 19. Bc1 h6 20. Nh4 Rb8 21. Kg2 Ba6
22. Nf5 Nf8 23. Qe2 Bc8 24. a4 Nh7 25. Bg4 Nf6 26. Bh3 Kh7 27. Rb3 Bxf5 28.
Bxf5+ g6 29. Bh3 Kg7 30. Bd2 Re7 31. Rfb1 Ra7 32. Qd3 Ne8 33. f4 Nd6 34. fxe5
Bxe5 35. Bc3 Qf6 36. Bxe5 Qxe5 37. Rxb6 Rxb6 38. Rxb6 Rb7 39. Rxb7 Nxb7 40. Qe3
g5 41. Kg1 Qa1+ 42. Bf1 Kf6 43. Qf2+ Kg7 44. Qe3 Kf6 45. Qf2+ Ke7 46. Qe2 Qd4+
47. Kg2 Nd6 48. e5 Nf5 49. Qf2 Ne3+ 50. Kf3 Nxf1 51. Qxf1 g4+ 52. Kg2 Qe4+ 53.
Kf2 Qd4+ 54. Kg2 Qxe5 55. Qf4 Qe2+ 56. Kg1 Qe1+ 57. Kg2 Qe2+ 58. Kg1 Qe1+ 59.
Kg2 Qe2+ 1/2-1/2

[Event "Xtracon Chess Open 2016"]
[Site "Elsinore"]
[Date "2016.07.27"]
[Round "6.20"]
[White "Goh, Wei Ming Kevin"]
[Black "Mardell, Jimmy"]
[Result "1-0"]
[WhiteElo "2435"]
[BlackElo "2112"]
[PlyCount "51"]
[EventDate "2016.07.23"]

1. e4 c5 2. Nf3 d6 3. Nc3 Nf6 4. d4 cxd4 5. Nxd4 g6 6. Be3 Bg7 7. Be2 O-O 8.
Qd2 Nc6 9. O-O-O Ng4 10. Bxg4 Bxg4 11. f3 Nxd4 12. Bxd4 Be6 13. Bxg7 Kxg7 14.
h4 h6 15. Nd5 Rc8 16. Kb1 Rc5 17. f4 Bxd5 18. exd5 Qc8 19. Qd4+ Kh7 20. h5 Qf5
21. hxg6+ Qxg6 22. Qf2 Rfc8 23. Rd2 Qg4 24. Qe3 Rc4 25. b3 Rxf4 26. Rf2 1-0

[Event "Xtracon Chess Open 2016"]
[Site "Elsinore"]
[Date "2016.07.27"]
[Round "6.21"]
[White "Haria, Ravi"]
[Black "Thuesen, Mogens Henrik"]
[Result "1/2-1/2"]
[WhiteElo "2394"]
[BlackElo "2200"]
[PlyCount "117"]
[EventDate "2016.07.23"]

1. Nf3 Nf6 2. g3 g6 3. Bg2 Bg7 4. d4 O-O 5. c4 d6 6. Nc3 c6 7. O-O Bf5 8. Nh4
Be6 9. d5 cxd5 10. cxd5 Bd7 11. e4 Qa5 12. Be3 Rc8 13. h3 Na6 14. Nf3 Nc5 15.
Nd4 Na4 16. Nxa4 Bxa4 17. Qe2 Nd7 18. Rfc1 a6 19. Rab1 Bb5 20. Nxb5 axb5 21. a3
Qa4 22. Qg4 Rxc1+ 23. Rxc1 Ne5 24. Rc8+ Bf8 25. Rxa8 Qxa8 26. Qe2 Qa4 27. Bc1
Bg7 28. Bf1 Nc4 29. Qg4 Nb6 30. Bg5 h5 31. Qe2 Nc4 32. Bxe7 Bxb2 33. g4 hxg4
34. Qxg4 Qxa3 35. Qc8+ Kh7 36. Qxb7 Bd4 37. Bh4 Kg7 38. Qxb5 Nd2 39. Bg2 Nf3+
40. Bxf3 Qxf3 41. Qf1 Qxe4 42. Bg5 Qxd5 43. Bc1 Qf3 44. Qg2 Qd1+ 45. Qf1 Qxf1+
46. Kxf1 Kf6 47. Ke2 Kf5 48. f3 Be5 49. Be3 Bf4 50. Bf2 Bh2 51. Be3 Bg3 52. Kd3
g5 53. Kd4 Bf4 54. Bg1 Be5+ 55. Kd5 Kf4 56. Bh2+ Kf5 57. Bg1 Kf4 58. Bh2+ Kf5
59. Bg1 1/2-1/2

[Event "Xtracon Chess Open 2016"]
[Site "Elsinore"]
[Date "2016.07.27"]
[Round "6.22"]
[White "Thybo, Jesper Sondergaard"]
[Black "Andersen, Rune"]
[Result "0-1"]
[WhiteElo "2385"]
[BlackElo "2100"]
[PlyCount "94"]
[EventDate "2016.07.23"]

1. e4 c5 2. Nf3 Nc6 3. d4 cxd4 4. Nxd4 Nf6 5. Nc3 e5 6. Ndb5 d6 7. Bg5 a6 8.
Na3 b5 9. Bxf6 gxf6 10. Nd5 Bg7 11. Bd3 Ne7 12. Nxe7 Qxe7 13. c4 f5 14. cxb5 d5
15. bxa6 O-O 16. O-O fxe4 17. Bb5 d4 18. Bc6 Rxa6 19. Bxe4 f5 20. Bd5+ Kh8 21.
Rc1 Bb7 22. Qb3 Bxd5 23. Qxd5 e4 24. Nc4 Rg6 25. b4 Qg5 26. g3 Qe7 27. Rfe1 h5
28. b5 h4 29. b6 e3 30. Kh1 hxg3 31. fxg3 f4 32. gxf4 Rh6 33. Qg2 Re6 34. Rb1
Bh6 35. f5 Ref6 36. b7 Bf4 37. Qf3 Qc7 38. Rbc1 Rh6 39. h3 Qh7 40. Qxf4 Rxh3+
41. Kg2 Rg8+ 42. Kf1 Qh5 43. Qxd4+ Kh7 44. Rxe3 Rh1+ 45. Kf2 Rh2+ 46. Kf1 Qxf5+
47. Ke1 Rg1# 0-1

[Event "Xtracon Chess Open 2016"]
[Site "Elsinore"]
[Date "2016.07.27"]
[Round "6.23"]
[White "Hinrichs, Lars"]
[Black "Haubro, Martin"]
[Result "0-1"]
[WhiteElo "2157"]
[BlackElo "2370"]
[PlyCount "64"]
[EventDate "2016.07.23"]

1. e4 e5 2. Nf3 Nc6 3. Bc4 Nf6 4. d3 Bc5 5. O-O d6 6. c3 a6 7. Bb3 Ba7 8. Re1
O-O 9. h3 h6 10. Nbd2 Ne7 11. Nf1 Ng6 12. Ng3 c6 13. d4 Qc7 14. Bc2 c5 15. d5
c4 16. Nh2 Bd7 17. Ng4 Nh7 18. Nf5 f6 19. Ngxh6+ gxh6 20. Qg4 Be8 21. Bxh6 Kh8
22. Bg7+ Qxg7 23. Nxg7 Kxg7 24. b3 cxb3 25. axb3 Kh8 26. Re3 Bxe3 27. fxe3 Rg8
28. Qe6 Nh4 29. g4 Rd8 30. Kh1 Bd7 31. Qf7 Ng6 32. Rf1 Rg7 0-1

[Event "Xtracon Chess Open 2016"]
[Site "Elsinore"]
[Date "2016.07.27"]
[Round "6.24"]
[White "Johansen, Paul"]
[Black "Percivaldi, Martin"]
[Result "1-0"]
[WhiteElo "2077"]
[BlackElo "2347"]
[PlyCount "113"]
[EventDate "2016.07.23"]

1. c4 e5 2. Nc3 Nf6 3. g3 Bb4 4. Bg2 O-O 5. Nf3 Nc6 6. a3 Bxc3 7. dxc3 d6 8.
Qc2 Be6 9. b3 Qc8 10. e4 Bh3 11. O-O Bxg2 12. Kxg2 Qg4 13. Re1 Nd7 14. h3 Qe6
15. Nh4 Ne7 16. g4 Ng6 17. Nf5 Rae8 18. f3 a6 19. Be3 Nf4+ 20. Bxf4 exf4 21.
Qd2 Nc5 22. Rab1 g6 23. Nd4 Qf6 24. b4 Ne6 25. Rh1 h5 26. Rbg1 hxg4 27. hxg4
Ng5 28. Rh6 c5 29. Nf5 Qe5 30. Qe1 gxf5 31. gxf5 Qg7 32. Qh4 f6 33. Rg6 cxb4
34. cxb4 Kf7 35. Rxg7+ Kxg7 36. Qxf4 Rc8 37. Qc1 Kf7 38. Rh1 Rg8 39. Kf2 Rc6
40. Qd2 Rgc8 41. Qd5+ Kg7 42. f4 Nf7 43. Rg1+ Kf8 44. Rc1 Kg7 45. Qe6 Kf8 46.
Qd5 R8c7 47. Ke2 Rc8 48. Kd3 b5 49. Rc3 R6c7 50. a4 bxc4+ 51. Kc2 Rb8 52. Rxc4
Rcb7 53. Kb3 Kg7 54. Ka3 Ra7 55. Qa5 Re8 56. Qb6 Ree7 57. Qg1+ 1-0

[Event "Xtracon Chess Open 2016"]
[Site "Elsinore"]
[Date "2016.07.27"]
[Round "6.25"]
[White "Hoyer, Jacob K"]
[Black "Hammer, Jon Ludvig"]
[Result "0-1"]
[WhiteElo "2212"]
[BlackElo "2652"]
[PlyCount "54"]
[EventDate "2016.07.23"]

1. d4 Nf6 2. c4 e6 3. Nc3 Bb4 4. Qc2 d5 5. cxd5 exd5 6. Bg5 h6 7. Bh4 Nc6 8. e3
g5 9. Bg3 h5 10. f3 Qe7 11. Qd2 h4 12. Bf2 g4 13. O-O-O h3 14. Qc2 hxg2 15.
Bxg2 Bxc3 16. bxc3 gxf3 17. Bxf3 Bg4 18. Kb2 O-O-O 19. Ne2 Bxf3 20. Qf5+ Kb8
21. Qxf3 Na5 22. Ka1 Nc4 23. h4 Ne4 24. Be1 Rh6 25. Rh2 Qa3 26. Nc1 Ned2 27.
Rhxd2 Qxc3+ 0-1

[Event "Xtracon Chess Open 2016"]
[Site "Elsinore"]
[Date "2016.07.27"]
[Round "6.26"]
[White "Delorme, Axel"]
[Black "Petersen, Peter Birk"]
[Result "1-0"]
[WhiteElo "2514"]
[BlackElo "2197"]
[PlyCount "71"]
[EventDate "2016.07.23"]

1. d4 g6 2. e4 Bg7 3. Nc3 d6 4. Be3 a6 5. h4 Nf6 6. f3 b5 7. Qd2 h5 8. Nge2 Bb7
9. Nf4 Nbd7 10. O-O-O c6 11. Kb1 Qc7 12. Qf2 b4 13. Na4 Rc8 14. Bc4 d5 15. Bb3
c5 16. Nxc5 Nxc5 17. dxc5 dxe4 18. Qe2 e6 19. Rd6 exf3 20. gxf3 O-O 21. Bd4
Rcd8 22. Rd1 Rxd6 23. cxd6 Qxd6 24. Nxg6 Rd8 25. c3 Qc7 26. Ne5 bxc3 27. bxc3
a5 28. Rg1 Kf8 29. Qe3 Rxd4 30. cxd4 a4 31. Bxa4 Nd5 32. Qa3+ Kg8 33. Rc1 Qb6+
34. Qb2 Qa5 35. Qxb7 Qxa4 36. Qxf7+ 1-0

[Event "Xtracon Chess Open 2016"]
[Site "Elsinore"]
[Date "2016.07.27"]
[Round "6.27"]
[White "Ringoir, Tanguy"]
[Black "Andersen, Morten"]
[Result "1-0"]
[WhiteElo "2474"]
[BlackElo "2173"]
[PlyCount "61"]
[EventDate "2016.07.23"]

1. d4 d5 2. c4 c6 3. cxd5 cxd5 4. Bf4 Nc6 5. e3 Nf6 6. Nc3 Bf5 7. Qb3 Na5 8.
Qa4+ Bd7 9. Qc2 e6 10. Bd3 Bb4 11. Nf3 Nh5 12. Bg5 f6 13. Bh4 g5 14. Bg3 g4 15.
Ng1 Nxg3 16. hxg3 f5 17. Nge2 Nc4 18. e4 Qg5 19. exd5 exd5 20. O-O Nb6 21. Nf4
Bxc3 22. Qxc3 O-O 23. Rae1 Rfe8 24. Re5 Rxe5 25. dxe5 Re8 26. Re1 Be6 27. Qa5
Nc4 28. Qxa7 Nxb2 29. Bb5 Re7 30. Qd4 Nc4 31. Nxe6 1-0

[Event "Xtracon Chess Open 2016"]
[Site "Elsinore"]
[Date "2016.07.27"]
[Round "6.28"]
[White "Rosenkilde, Alexander"]
[Black "Sipila, Vilka"]
[Result "0-1"]
[WhiteElo "2211"]
[BlackElo "2458"]
[PlyCount "88"]
[EventDate "2016.07.23"]

1. d4 Nf6 2. c4 g6 3. Nc3 Bg7 4. e4 d6 5. Be2 O-O 6. Nf3 e5 7. O-O Nc6 8. d5
Ne7 9. b4 Nh5 10. Re1 f5 11. Ng5 Nf6 12. Bf3 fxe4 13. Ngxe4 Nf5 14. Nxf6+ Qxf6
15. Ne4 Qf7 16. Bg4 b5 17. Ng5 Qf6 18. Ne4 Qf7 19. Ng5 Qe8 20. c5 h6 21. Ne4
Qf7 22. Be3 a5 23. cxd6 Nxd6 24. Bxc8 Rfxc8 25. Bc5 Nxe4 26. Rxe4 Rd8 27. Qc2
Qxd5 28. Rae1 axb4 29. Rg4 Qd3 30. Qxd3 Rxd3 31. Rxg6 Rxa2 32. Bxb4 Rc2 33. f4
Rd4 34. fxe5 c5 35. Ba5 Rf4 36. e6 Rf8 37. Bc7 Kh7 38. Rg4 Bd4+ 39. Kh1 Re2 40.
Rc1 Rxe6 41. h4 b4 42. Rb1 Rf7 43. Bh2 Ref6 44. Rxd4 Rf1+ 0-1

[Event "Xtracon Chess Open 2016"]
[Site "Elsinore"]
[Date "2016.07.27"]
[Round "6.29"]
[White "Ramsdal, Jens Albert"]
[Black "Tarjan, James E"]
[Result "0-1"]
[WhiteElo "2204"]
[BlackElo "2447"]
[PlyCount "98"]
[EventDate "2016.07.23"]

1. e4 c6 2. d4 d5 3. exd5 cxd5 4. c4 Nf6 5. Nc3 e6 6. Nf3 Bb4 7. Bg5 h6 8. Bxf6
Qxf6 9. c5 O-O 10. Bd3 b6 11. cxb6 axb6 12. O-O Bxc3 13. bxc3 Ba6 14. Ne5 Rc8
15. Qa4 Bxd3 16. Qxa8 Bxf1 17. Rxf1 Qe7 18. Rb1 Qc7 19. Qa3 Qxc3 20. Qxc3 Rxc3
21. g3 Nc6 22. Rxb6 Nxe5 23. dxe5 Ra3 24. Rb2 h5 25. Kg2 Kh7 26. Kh3 g5 27. Kg2
Kg6 28. h3 Kf5 29. Re2 g4 30. hxg4+ hxg4 31. Kf1 f6 32. exf6 Kxf6 33. Ke1 e5
34. Kd1 e4 35. Kc1 Ke5 36. Kb2 Ra8 37. Rc2 Kd4 38. Rd2+ Kc4 39. Rc2+ Kd3 40.
Kc1 d4 41. Rd2+ Kc4 42. Rc2+ Kd5 43. Rb2 Ra3 44. Rb5+ Kc4 45. Rb2 Rf3 46. Re2
e3 47. fxe3 dxe3 48. Kc2 Rf2 49. Kd1 Kd3 0-1

[Event "Xtracon Chess Open 2016"]
[Site "Elsinore"]
[Date "2016.07.27"]
[Round "6.30"]
[White "Hartung Nielsen, Jens"]
[Black "Ochsner, Bjorn Moller"]
[Result "1/2-1/2"]
[WhiteElo "2194"]
[BlackElo "2417"]
[PlyCount "60"]
[EventDate "2016.07.23"]

1. e4 e5 2. Nf3 Nc6 3. Nc3 Nf6 4. Bb5 Bb4 5. O-O O-O 6. d3 Bxc3 7. bxc3 d6 8.
Bg5 h6 9. Bh4 Qe7 10. Re1 a6 11. Bxc6 bxc6 12. d4 a5 13. Qc1 Qe6 14. dxe5 dxe5
15. Bg3 Nd7 16. Qe3 Re8 17. Nh4 Nb6 18. Nf5 Qf6 19. Qc5 Bxf5 20. exf5 Nd7 21.
Qc4 Qxf5 22. Qxc6 Qe6 23. Qxc7 Rec8 24. Qb7 Rab8 25. Qa7 Rb5 26. Rad1 Nf6 27.
a4 Rbc5 28. Rd8+ Rxd8 29. Qxc5 Rd5 30. Qa7 e4 1/2-1/2

[Event "Xtracon Chess Open 2016"]
[Site "Elsinore"]
[Date "2016.07.27"]
[Round "6.31"]
[White "Christiansen, Johan Sebastian"]
[Black "Christiansen, Jens Jorgen"]
[Result "1-0"]
[WhiteElo "2411"]
[BlackElo "2170"]
[PlyCount "63"]
[EventDate "2016.07.23"]

1. d4 d5 2. c4 c6 3. cxd5 cxd5 4. Nc3 Nf6 5. f3 Nc6 6. e4 dxe4 7. d5 Ne5 8.
fxe4 g6 9. Nf3 Nxf3+ 10. Qxf3 a6 11. e5 Ng4 12. e6 f5 13. h3 Nf6 14. g4 b5 15.
gxf5 Bb7 16. Bg2 Bg7 17. O-O O-O 18. a3 gxf5 19. Qd3 Qe8 20. Rxf5 Qg6 21. Be3
Rac8 22. Raf1 Rfd8 23. Qe2 h6 24. Kh1 Rxc3 25. bxc3 Nxd5 26. Bc5 Nxc3 27. Qg4
Bxg2+ 28. Kxg2 Qxg4+ 29. hxg4 Bf6 30. Rxf6 exf6 31. e7 Rd2+ 32. Kh3 1-0

[Event "Xtracon Chess Open 2016"]
[Site "Elsinore"]
[Date "2016.07.27"]
[Round "6.32"]
[White "Johansen, Oivind"]
[Black "Holm, Kristian Stuvik"]
[Result "1/2-1/2"]
[WhiteElo "2180"]
[BlackElo "2411"]
[PlyCount "40"]
[EventDate "2016.07.23"]

1. d4 d5 2. c4 e6 3. Nf3 Nf6 4. Nc3 dxc4 5. e3 a6 6. Bxc4 b5 7. Bd3 Bb7 8. O-O
Nbd7 9. a3 c5 10. Qe2 Bd6 11. dxc5 Nxc5 12. Bc2 Nfe4 13. Nxe4 Nxe4 14. Rd1 Qc7
15. a4 b4 16. h3 O-O 17. Bd3 Rfd8 18. Bd2 Nxd2 19. Nxd2 Be5 20. Rac1 Qb8
1/2-1/2

[Event "Xtracon Chess Open 2016"]
[Site "Elsinore"]
[Date "2016.07.27"]
[Round "6.33"]
[White "Eriksson, Christian Altenburg"]
[Black "Hoi, Carsten"]
[Result "0-1"]
[WhiteElo "2176"]
[BlackElo "2386"]
[PlyCount "54"]
[EventDate "2016.07.23"]

1. e4 g6 2. d4 Bg7 3. Nc3 d6 4. Bg5 c6 5. Qd2 b5 6. f4 Nf6 7. Bxf6 exf6 8. d5
b4 9. Nd1 c5 10. Bb5+ Bd7 11. Bxd7+ Nxd7 12. Nf3 O-O 13. O-O Re8 14. Re1 Qb6
15. Nf2 c4 16. a3 c3 17. bxc3 bxc3 18. Qd4 f5 19. Qb4 fxe4 20. Rxe4 Nf6 21.
Rxe8+ Rxe8 22. Rd1 Qxb4 23. axb4 Re2 24. Nd4 Rd2 25. Rxd2 cxd2 26. Nb3 Ne4 27.
h3 Bd4 0-1

[Event "Xtracon Chess Open 2016"]
[Site "Elsinore"]
[Date "2016.07.27"]
[Round "6.34"]
[White "Skjoldager, Per"]
[Black "Colpe, Malte"]
[Result "0-1"]
[WhiteElo "2160"]
[BlackElo "2385"]
[PlyCount "102"]
[EventDate "2016.07.23"]

1. e4 d5 2. exd5 Qxd5 3. d4 Nc6 4. Nf3 Bg4 5. Be2 O-O-O 6. c4 Qf5 7. Be3 Bxf3
8. Bxf3 Nxd4 9. Bxd4 Qe6+ 10. Be2 Qe4 11. Nc3 Qxd4 12. Qxd4 Rxd4 13. Nb5 Rd8
14. Nxa7+ Kb8 15. Nb5 g6 16. O-O Bg7 17. Rad1 Nh6 18. Nc3 Bxc3 19. bxc3 c6 20.
f4 Nf5 21. Kf2 Kc7 22. Bd3 Ng7 23. Rfe1 Rd7 24. Bc2 Rhd8 25. Rb1 Rd2+ 26. Re2
Ne6 27. g3 Nc5 28. Ke3 Rxe2+ 29. Kxe2 Ra8 30. Rb2 f5 31. Ke3 Rd8 32. Rb1 Rd6
33. Re1 Re6+ 34. Kf2 Rxe1 35. Kxe1 Kd6 36. Ke2 Ne4 37. Kd3 e5 38. fxe5+ Kxe5
39. a4 g5 40. a5 Nf2+ 41. Ke2 Ne4 42. g4 f4 43. Kf3 Nd2+ 44. Ke2 Nxc4 45. Bxh7
Nxa5 46. Kd3 Nb3 47. Bf5 Nc5+ 48. Ke2 Ne4 49. Kd3 Nd6 50. Bh7 b5 51. Bg6 Kf6
0-1

[Event "Xtracon Chess Open 2016"]
[Site "Elsinore"]
[Date "2016.07.27"]
[Round "6.35"]
[White "Goldie, Thomas"]
[Black "Jensson, Einar Hjalti"]
[Result "0-1"]
[WhiteElo "2171"]
[BlackElo "2371"]
[PlyCount "66"]
[EventDate "2016.07.23"]

1. d4 Nf6 2. c4 e6 3. Nf3 c5 4. d5 b5 5. dxe6 fxe6 6. cxb5 d5 7. Bg5 Be7 8. e3
O-O 9. Be2 Nbd7 10. Nc3 Bb7 11. Rc1 Kh8 12. a3 Qb8 13. Bf4 e5 14. Bg3 Bd6 15.
b4 cxb4 16. axb4 Bxb4 17. Qb3 Bd6 18. O-O Nb6 19. Rfd1 Nh5 20. Rd2 Nxg3 21.
hxg3 e4 22. Nh2 Rxf2 23. Kxf2 Bxg3+ 24. Kg1 Bxh2+ 25. Kh1 Qg3 26. Bg4 Qxe3 27.
Qd1 Bf4 28. Rcc2 Qg3 29. Kg1 Bxd2 30. Nxe4 Be3+ 31. Kf1 Rf8+ 32. Bf3 dxe4 33.
Qd6 Qxd6 0-1

[Event "Xtracon Chess Open 2016"]
[Site "Elsinore"]
[Date "2016.07.27"]
[Round "6.36"]
[White "Sowray, Peter J"]
[Black "Grove, Peter"]
[Result "1/2-1/2"]
[WhiteElo "2348"]
[BlackElo "2155"]
[PlyCount "37"]
[EventDate "2016.07.23"]

1. d4 d5 2. Bf4 Nf6 3. e3 c5 4. Nf3 Nc6 5. c3 cxd4 6. exd4 Qb6 7. Qb3 Na5 8.
Qxb6 axb6 9. Na3 Bd7 10. Bc7 e6 11. Nb5 Nc4 12. Bxc4 dxc4 13. Nd6+ Bxd6 14.
Bxd6 Nd5 15. Ne5 b5 16. Kd2 f6 17. Ng4 Kf7 18. f3 Bc6 19. Bg3 1/2-1/2

[Event "Xtracon Chess Open 2016"]
[Site "Elsinore"]
[Date "2016.07.27"]
[Round "6.37"]
[White "Petersen, Tom Petri"]
[Black "Burrows, Martin P"]
[Result "1-0"]
[WhiteElo "2346"]
[BlackElo "2149"]
[PlyCount "75"]
[EventDate "2016.07.23"]

1. c4 b6 2. Nc3 Bb7 3. e4 e6 4. g3 f5 5. Bg2 Nf6 6. d3 Bb4 7. Nge2 fxe4 8. O-O
O-O 9. dxe4 Nc6 10. h3 Rb8 11. f4 e5 12. f5 Bc5+ 13. Kh2 Ba6 14. b3 Qe7 15. g4
b5 16. g5 Ne8 17. cxb5 Bxb5 18. Nxb5 Rxb5 19. Nc3 Rb8 20. Nd5 Qd6 21. Qh5 g6
22. Qg4 Bd4 23. Rb1 Ne7 24. Nf6+ Nxf6 25. gxf6 Qxf6 26. Bg5 Qd6 27. f6 Nc6 28.
f7+ Rxf7 29. Rxf7 Kxf7 30. Rf1+ Kg7 31. Rf6 Qxf6 32. Bxf6+ Kxf6 33. Qxd7 Ne7
34. Bf1 Rb6 35. Bc4 Bc5 36. Qxc7 Rc6 37. Qb8 Kg5 38. Qxe5+ 1-0

[Event "Xtracon Chess Open 2016"]
[Site "Elsinore"]
[Date "2016.07.27"]
[Round "6.38"]
[White "Kramer, Julian"]
[Black "Royset, Pal"]
[Result "0-1"]
[WhiteElo "2341"]
[BlackElo "2144"]
[PlyCount "96"]
[EventDate "2016.07.23"]

1. e4 e5 2. Nf3 Nc6 3. Bb5 a6 4. Ba4 Nf6 5. O-O Be7 6. d3 b5 7. Bb3 d6 8. a3
Be6 9. Bxe6 fxe6 10. c4 Qd7 11. cxb5 axb5 12. Be3 O-O 13. Nbd2 Ng4 14. Bg5 Nf6
15. Qc2 Rfc8 16. h3 Nd8 17. b4 c5 18. bxc5 Rxc5 19. Qd1 Rc3 20. Nb1 Rc7 21. Ra2
b4 22. a4 Rca7 23. Nbd2 Rxa4 24. Rxa4 Qxa4 25. Qb1 Rb8 26. Nb3 Nc6 27. Bxf6
Bxf6 28. Rc1 h6 29. h4 Na5 30. Nxa5 Qxa5 31. Qb3 d5 32. Rb1 Rb5 33. g3 Qb6 34.
Kg2 Qc6 35. Rb2 Kh7 36. Qa4 Qb7 37. Qd1 dxe4 38. dxe4 Qxe4 39. Re2 Qf5 40. Nd2
Qd3 41. Re3 Qd5+ 42. Kh2 Qa2 43. Qe2 Rd5 44. Rd3 Qc2 45. Qe4+ Kg8 46. Rxd5 Qxe4
47. Rd8+ Bxd8 48. Nxe4 b3 0-1

[Event "Xtracon Chess Open 2016"]
[Site "Elsinore"]
[Date "2016.07.27"]
[Round "6.39"]
[White "McPhillips, Joseph"]
[Black "Moe, Mogens"]
[Result "1/2-1/2"]
[WhiteElo "2341"]
[BlackElo "2138"]
[PlyCount "86"]
[EventDate "2016.07.23"]

1. e4 c5 2. Nf3 e6 3. d4 cxd4 4. Nxd4 Nc6 5. Nc3 Qc7 6. Be3 a6 7. Qd2 Nf6 8.
O-O-O Be7 9. f3 O-O 10. g4 b5 11. g5 Nh5 12. Nce2 Rd8 13. Ng3 Nxd4 14. Qxd4 Nf4
15. h4 f6 16. Qd2 fxg5 17. hxg5 Bxg5 18. e5 Qxe5 19. Ne4 Rf8 20. Nxg5 Qxg5 21.
Qd4 Qf5 22. Rh4 e5 23. Qd2 Ng6 24. Bd3 Qf7 25. Rxh7 d5 26. Qh2 Bf5 27. Rh1 Qe6
28. Bg5 Ra7 29. Be2 Rc7 30. Bd1 b4 31. Rg1 d4 32. Kb1 b3 33. axb3 Qxb3 34. Rh5
Qe6 35. Qd2 Rfc8 36. Rh2 Bxc2+ 37. Bxc2 Rxc2 38. Qxc2 Rxc2 39. Rxc2 Qf5 40. Kc1
Qxf3 41. Rcg2 Qc6+ 42. Kb1 Kf7 43. Bc1 d3 1/2-1/2

[Event "Xtracon Chess Open 2016"]
[Site "Elsinore"]
[Date "2016.07.27"]
[Round "6.40"]
[White "Buchal, Stephan"]
[Black "Jensen, Thore Nyboe"]
[Result "1-0"]
[WhiteElo "2338"]
[BlackElo "2081"]
[PlyCount "43"]
[EventDate "2016.07.23"]

1. c4 Nf6 2. g3 e5 3. Bg2 Bc5 4. Nc3 a6 5. e3 Nc6 6. Nge2 d6 7. d4 exd4 8. exd4
Ba7 9. O-O O-O 10. Be3 Bf5 11. h3 Re8 12. g4 Bd7 13. Ng3 h6 14. Qd2 Nh7 15. Nd5
Rb8 16. b4 Ne7 17. Nf4 f5 18. gxf5 Qc8 19. Qd3 Nf6 20. Ne6 Bxe6 21. fxe6 Qxe6
22. d5 1-0

[Event "Xtracon Chess Open 2016"]
[Site "Elsinore"]
[Date "2016.07.27"]
[Round "6.41"]
[White "Leutwyler, Martin"]
[Black "Bach, Matthias"]
[Result "1/2-1/2"]
[WhiteElo "2145"]
[BlackElo "2296"]
[PlyCount "73"]
[EventDate "2016.07.23"]

1. d4 d6 2. Nf3 g6 3. c3 Bg7 4. e4 Nd7 5. Bd3 b6 6. d5 Ngf6 7. O-O O-O 8. Re1
Bb7 9. Nbd2 c6 10. dxc6 Bxc6 11. Qe2 Nc5 12. Bc2 Rc8 13. e5 Nd5 14. Nb3 Ne6 15.
Nbd4 Ndf4 16. Bxf4 Nxf4 17. Qe3 dxe5 18. Nxc6 Rxc6 19. Nxe5 Bxe5 20. Qxe5 Qd2
21. Bb3 Rf6 22. Qe3 Qxb2 23. Rab1 Qa3 24. Qxe7 Qd6 25. Qxd6 Rxd6 26. g3 Nd5 27.
c4 Nf6 28. Re7 Rd7 29. Rbe1 a6 30. c5 bxc5 31. Rxd7 Nxd7 32. Re7 Nb6 33. Rb7 c4
34. Rxb6 cxb3 35. axb3 Ra8 36. b4 a5 37. bxa5 1/2-1/2

[Event "Xtracon Chess Open 2016"]
[Site "Elsinore"]
[Date "2016.07.27"]
[Round "6.42"]
[White "Molvig, Henrik"]
[Black "Merkesvik, Sondre"]
[Result "1/2-1/2"]
[WhiteElo "2110"]
[BlackElo "2263"]
[PlyCount "39"]
[EventDate "2016.07.23"]

1. d4 Nf6 2. c4 g6 3. Nc3 d5 4. cxd5 Nxd5 5. Bd2 Nb6 6. Bf4 Bg7 7. e3 O-O 8.
Nf3 c5 9. Qd2 cxd4 10. exd4 Nc6 11. Be3 Bg4 12. Rd1 Bxf3 13. gxf3 e5 14. dxe5
Qxd2+ 15. Kxd2 Rfd8+ 16. Kc2 Rxd1 17. Nxd1 Bxe5 18. Nc3 Nd4+ 19. Kb1 f5 20. f4
1/2-1/2

[Event "Xtracon Chess Open 2016"]
[Site "Elsinore"]
[Date "2016.07.27"]
[Round "6.43"]
[White "Rishovd, Svein"]
[Black "Haugli, Petter"]
[Result "0-1"]
[WhiteElo "2099"]
[BlackElo "2257"]
[PlyCount "78"]
[EventDate "2016.07.23"]

1. d4 Nf6 2. Nf3 c5 3. e3 g6 4. dxc5 Qa5+ 5. Nbd2 Bg7 6. b4 Qxb4 7. Rb1 Qxc5 8.
Bb2 O-O 9. c4 b6 10. Qa4 Bb7 11. Bd3 Qc7 12. O-O d6 13. c5 bxc5 14. Rfc1 Nbd7
15. Qh4 Rab8 16. Ng5 Ba8 17. f4 h6 18. Ndf3 hxg5 19. Nxg5 Rfc8 20. e4 Nf8 21.
f5 gxf5 22. e5 dxe5 23. Bxf5 e6 24. Bd3 Rb4 25. Rc4 Rcb8 26. Rxb4 Rxb4 27. Qf2
Rg4 28. Nf3 e4 29. Be5 Qc6 30. h3 Rg6 31. Nh4 exd3 32. Rb8 N6d7 33. Nxg6 fxg6
34. Bxg7 Kxg7 35. Re8 Qxg2+ 36. Qxg2 Bxg2 37. Kxg2 d2 38. Re7+ Kf6 39. Rxd7
Nxd7 0-1

[Event "Xtracon Chess Open 2016"]
[Site "Elsinore"]
[Date "2016.07.27"]
[Round "6.44"]
[White "Thaler, Toni"]
[Black "Jacobsen, Mikkel Manosri"]
[Result "0-1"]
[WhiteElo "2037"]
[BlackElo "2245"]
[PlyCount "80"]
[EventDate "2016.07.23"]

1. d4 d5 2. c4 e6 3. Nf3 Nf6 4. Bg5 h6 5. Bxf6 Qxf6 6. Nc3 c6 7. e3 Nd7 8. Qc2
g6 9. O-O-O Bg7 10. Kb1 O-O 11. h4 Re8 12. e4 dxc4 13. Bxc4 e5 14. d5 Nb6 15.
Bb3 Bg4 16. Rd3 Rac8 17. dxc6 bxc6 18. Nd2 Red8 19. f3 Be6 20. Bxe6 fxe6 21.
Ne2 c5 22. Nc4 Qe7 23. h5 Rxd3 24. Qxd3 Rd8 25. Qc2 g5 26. g4 Qd7 27. Rc1 Qb5
28. b3 Rb8 29. Ka1 Qa6 30. Qc3 Nd5 31. Qa5 Qc6 32. Nc3 Nb4 33. a3 Nd3 34. Rd1
Qd7 35. Ka2 Qd4 36. Na4 Nb4+ 37. axb4 Qxd1 38. Nxc5 Qc2+ 39. Ka3 Qc3 40. Nxe6
Qa1# 0-1

[Event "Xtracon Chess Open 2016"]
[Site "Elsinore"]
[Date "2016.07.27"]
[Round "6.45"]
[White "Henrichsen, Jens"]
[Black "Thorsbro, Peter"]
[Result "1/2-1/2"]
[WhiteElo "1984"]
[BlackElo "2239"]
[PlyCount "48"]
[EventDate "2016.07.23"]

1. d4 d5 2. c4 c6 3. Nf3 Nf6 4. Nc3 e6 5. e3 Nbd7 6. Bd3 dxc4 7. Bxc4 b5 8. Bd3
Bb7 9. e4 b4 10. Na4 c5 11. e5 Nd5 12. Nxc5 Nxc5 13. dxc5 Qa5 14. c6 Bxc6 15.
Nd4 Bd7 16. O-O Be7 17. Qg4 Bf8 18. Bd2 Qb6 19. a4 a6 20. a5 Qb7 21. Qe2 Be7
22. Qg4 Bf8 23. Qe2 Be7 24. Qg4 Bf8 1/2-1/2